| 000 | 00686nam a22002057a 4500 | ||
|---|---|---|---|
| 005 | 20171118155447.0 | ||
| 010 | _aUR-9649 | ||
| 020 | _c200.00. | ||
| 020 | _c9789386486240 | ||
| 035 | _a U-8204 | ||
| 037 | _bDBAD | ||
| 100 | _aسفینہ بیگم | ||
| 245 |
_aخلش _cسفینہ بیگم |
||
| 246 |
_aKhalish _bBy Safina Begum |
||
| 260 |
_aد ہلی _b ا یجو کیشنل پبليشنگ ہا ؤ س _c2017ء |
||
| 270 |
_a3191,و کیل ا ستر یٹ کو چہ پنڈ ت لا ل کنو ا ن ، _bد لی _e110006 _k23216162 _l0091-11-23211540 |
||
| 300 |
_a140ص _c22 Cm.(B.b) |
||
| 500 | _aدو حصہ | ||
| 942 |
_2ddc _cUR _hن _mس ف ی |
||
| 999 |
_c143934 _d143934 |
||